Komunálne voľby v roku 2018
Informácia o efektívnej komunikácii a a tímovej spolupráci v orgánoch miestnej samosprávy.
Na minha lista:
| Autor principal: | |
|---|---|
| Formato: | Capítulo de Livro |
| Idioma: | eslovaco |
| Assuntos: | |
| Tags: |
Sem tags, seja o primeiro a adicionar uma tag!
|
MARC
| LEADER | 00000naa a2200000 4500 | ||
|---|---|---|---|
| 001 | 0246859 | ||
| 005 | 20180808091115.9 | ||
| 041 | 0 | |a slo | |
| 044 | |a SK | ||
| 245 | 1 | 0 | |a Komunálne voľby v roku 2018 |c Ladislav Briestenský |
| 520 | |a Informácia o efektívnej komunikácii a a tímovej spolupráci v orgánoch miestnej samosprávy. | ||
| 610 | 2 | 0 | |a tímy pracovné |
| 610 | 2 | 0 | |a spolupracovníci |
| 610 | 2 | 0 | |a komunikácia interpersonálna |
| 610 | 2 | 0 | |a komunikácia |
| 610 | 2 | 0 | |a orgány zastupiteľské |
| 100 | 1 | |a Briestenský, Ladislav | |